| 000 | 00351nam a2200109Ia 4500 | ||
|---|---|---|---|
| 008 | 160909s9999 xx 000 0 und d | ||
| 100 | _aShieh, Beverly S. | ||
| 245 | _aCyberpal: A mobile resource for cyberbullying | ||
| 260 |
_bPepperdine University. _c2016 |
||
| 650 | _aPSYCHOLOGY | ||
| 856 | _uhttp://pqdtopen.proquest.com/doc/1784616670.html?FMT=ABS | ||
| 999 |
_c304097 _d304097 |
||